Ìjìnlè ohùn enu Ifá (Apá Kejì)
Saved in:
| Main Author: | |
|---|---|
| Format: | Book |
| Language: | English |
| Published: |
ABÍMBÓLÁ, Wándé
2014
|
| Tags: |
Add Tag
No Tags, Be the first to tag this record!
|
MARC
| LEADER | 00000nam a22000007a 4500 | ||
|---|---|---|---|
| 008 | 210122b ||||| |||| 00| 0 eng d | ||
| 020 | |a : 978-978-0697280 | ||
| 100 | |a 978-978-0697280 | ||
| 245 | |a Ìjìnlè ohùn enu Ifá (Apá Kejì) | ||
| 260 | |b ABÍMBÓLÁ, Wándé |c 2014 |h Ibadan: University Press |i 691382 |i 691383 |l BF177 .Ab5 | ||
| 942 | |a lcc |c BK |e j o ifatola |f 22/1/2021 | ||
| 952 | |0 0 |1 0 |2 lcc |4 0 |6 BF0177 A B5 |7 0 |9 1453 |a HOL |b HOL |c AF |d 2021-01-22 |l 0 |o BF177 .Ab5 |p 2021-0250 |r 2021-01-22 00:00:00 |w 2021-01-22 |y BK | ||
| 952 | |0 0 |1 0 |2 lcc |4 0 |6 BF0177 A B5 |7 0 |9 1456 |a HOL |b AC |c AF |d 2021-01-22 |l 0 |o BF177 .Ab5 |p 2021-0253 |r 2021-01-22 00:00:00 |w 2021-01-22 |y BK | ||
| 999 | |c 759 |d 759 | ||